000 00539nam a2200181Ia 4500
003 IN-BaIIA
008 211028s9999 xx 000 0 eng d
020 _a81-224-0096-5
040 _cIIA Library
080 _a621.396.66
_bFRO
100 _aFrohr, F.
_916140
245 0 _aIntroduction to electronic control engineering
_cF. Frohr
260 _aNew Delhi
_bWiley Eastern
_c1988
300 _a338p.
650 _aElectronic engineering
_93914
650 _aNASA thesaurus
942 _cBK
999 _c9581
_d9581